NCAA Women's Volleyball Player of the Year - Statistics

General Stats
  • This quiz has been taken 6 times
  • The average score is 11 of 45
Answer Stats
Year School Answer % Correct
2024 Pittsburgh Olivia Babcock
80%
2025 Pittsburgh Olivia Babcock
80%
2023 Wisconsin Sarah Franklin
80%
2021 Wisconsin Dana Rettke
60%
2017 Stanford Kathryn Plummer
60%
2018 Stanford Kathryn Plummer
60%
2022 Texas Logan Eggleston
60%
2020 Kentucky Madison Lilley
60%
2009 Penn State Megan Hodge
60%
2005 Nebraska Christina Houghtelling
40%
2014 Penn State Micha Hancock
40%
2015 USC Samantha Bricio
40%
2006 Nebraska Sarah Pavan
40%
2019 Baylor Yossiana Pressley
40%
2012 Oregon Alaina Bergsma
20%
2011 USC Alex Jupiter
20%
1991 Long Beach State Antoinette White
20%
2010 California Carli Lloyd
20%
1999* Penn State Kerri Walsh
20%
2013 Washington Krista Vansant
20%
2001 Stanford Logan Tom
20%
2002 Stanford Logan Tom
20%
1997 Long Beach State Misty May
20%
1998 Long Beach State Misty May
20%
1992 UCLA Natalie Williams
20%
2008 Penn State Nicole Fawcett
20%
2016 Minnesota Sarah Wilhite
20%
2004* Ohio State Stacey Gordon
20%
1987 Hawaii Tonya Sanders-Williams
20%
1989* Hawaii Tonya Sanders-Williams
20%
1995* Nebraska Allison Weston
0%
1996 Hawaii Angelica Llungquist
0%
1990 Stanford Bev Oden
0%
1995* Stanford Cary Wendell
0%
1993 Long Beach State Danielle Scott
0%
2007 Stanford Foluke Akinradewo
0%
2000 Nebraska Greichaly Cepero
0%
1985 Stanford Kim Oden
0%
2003 Hawaii Kim Willoughby
0%
1994 Ohio State Laura Davis
0%
1999* Stanford Lauren Cacciamani
0%
1986 BYU Mariliisa Salmi
0%
2004* Stanford Ogonna Nnamani
0%
1988 Long Beach State Tara Cross
0%
1989* Long Beach State Tara Cross
0%
No matching quizzes found
Score Distribution
Percent of People with Each Score
Percentile by Number Answered
Your Score History
You have not taken this quiz